| 000 | 00638nam a2200229 i 4500 | ||
|---|---|---|---|
| 001 | 16185 | ||
| 003 | ES-MaACL | ||
| 005 | 20230906151247.0 | ||
| 007 | t| | ||
| 008 | 000707s1992 mx ||||1| spa d | ||
| 020 | _a968-23-1820-3 | ||
| 080 | _a821.111-34"19" | ||
| 100 | 1 |
_aCarrington, Leonora. _935788 |
|
| 245 | 1 | 3 |
_aEl séptimo caballo y otros cuentos / _cLeonora Carrington. |
| 250 | _a1ª ed. mexicana. | ||
| 260 |
_aMéxico : _bSiglo XXI, _c1992. |
||
| 300 |
_a229 p. ; _c21 cm. |
||
| 490 | 1 | _aLa creación literaria | |
| 830 | 1 |
_aLa creación literaria _9179894 |
|
| 852 |
_aES-MaACL _jL-23394 |
||
| 999 |
_c16185 _d16185 |
||